Návrh riadiaceho systému pre automatizáciu činnosti skleníka
Na minha lista:
| Autor principal: | |
|---|---|
| Outros Autores: | |
| Formato: | Manuscrito Livro |
| Idioma: | eslovaco |
| Publicado em: |
2019
|
| Assuntos: | |
| Acesso em linha: | http://is.stuba.sk/zp/portal_zp.pl?podrobnosti=139563 |
| Tags: |
Sem tags, seja o primeiro a adicionar uma tag!
|
MARC
| LEADER | 00000ntm a22000003a 4500 | ||
|---|---|---|---|
| 001 | stuzp72078 | ||
| 003 | SK-STU | ||
| 005 | 20190629210817.3 | ||
| 007 | ta | ||
| 008 | 150427s2015----xo-----f-mn---000-0-slo-d | ||
| 040 | |a STU |b slo | ||
| 041 | 0 | |a slo | |
| 100 | 1 | |a Mĺkvy, Dominik |u 066000 |4 aut |U MTF Materiálovotechnologická fakulta |T MTF Ústav aplikovanej informatiky, automatizácie a mechatroniky |X 88346 |U M6000 |Y 86 |7 88346 | |
| 242 | 0 | 1 | |a Control system for automation of greenhouse operation |y eng |
| 245 | 1 | 0 | |a Návrh riadiaceho systému pre automatizáciu činnosti skleníka |
| 260 | |c 2019 | ||
| 650 | 4 | |a IoT |2 slo | |
| 650 | 4 | |a Raspberry pi |2 slo | |
| 650 | 4 | |a WebSocket |2 slo | |
| 650 | 4 | |a Automatizácia |2 slo | |
| 650 | 4 | |a PostgeSQL |2 slo | |
| 650 | 4 | |a Node.js |2 slo | |
| 650 | 4 | |a MQTT |2 slo | |
| 650 | 4 | |a Skleník |2 slo | |
| 650 | 4 | |a Greenhouse |2 eng | |
| 650 | 4 | |a IoT |2 eng | |
| 650 | 4 | |a Raspberry pi |2 eng | |
| 650 | 4 | |a Node.js |2 eng | |
| 650 | 4 | |a MQTT |2 eng | |
| 650 | 4 | |a WebSocket |2 eng | |
| 650 | 4 | |a Automation |2 eng | |
| 650 | 4 | |a PostgeSQL |2 eng | |
| 700 | 1 | |a Nemlaha, Eduard |u 066000 |k Z1 |4 ths |U MTF Materiálovotechnologická fakulta |T MTF Ústav aplikovanej informatiky, automatizácie a mechatroniky |X 2759 |U M6000 |Y 86 |7 A000002759 | |
| 856 | 4 | |u http://is.stuba.sk/zp/portal_zp.pl?podrobnosti=139563 | |
| 996 | |c M* BP-8713 |l MMSKP |s P |a 0 |w stuzp72078_0001 | ||